The Analysis of literary texts : current trends in methodology : third and fourth York College Colloquia /

Bibliographic Details
Corporate Authors: York College (New York, N.Y.), Contemporary Methods of Literary Analysis: Colloquium on Hispanic, French, and Italian Literature, Contemporary Methods of Literary Analysis: Colloquium on English, French, Italian, and Spanish Literature
Other Authors: Pople, Randolph D.
Format: Conference Proceeding Book
Language:English
Spanish
Published: Ypsilanti, MI : Bilingual Press, [1980]
Series:Studies in literary analysis.
Subjects:

MARC

Tag First Indicator Second Indicator Subfields
LEADER 00000cam a2200000 a 4500
001 in00000082034
005 20151008055453.0
008 820203s1980 miua b 10000 eng
010 |a  79054144  
020 |a 091695014X 
020 |a 0916950131 (pbk.) 
035 |a (OCoLC)06609459 
035 |9 AAJ3553AM 
039 0 |a 2  |b 3  |c 3  |d 3  |e 3 
040 |a DLC  |c DLC  |d TXA  |d UtOrBLW 
041 0 |a eng  |a spa 
049 |a TXAM  |c [1672832] 
050 0 0 |a PN80.5  |b .A5 
082 0 |a 801/.95  |2 19 
245 0 4 |a The Analysis of literary texts :  |b current trends in methodology : third and fourth York College Colloquia /  |c edited by Randolph D. Pope. 
264 1 |a Ypsilanti, MI :  |b Bilingual Press,  |c [1980] 
264 4 |c ©1980 
300 |a 330 pages :  |b illustrations ;  |c 23 cm. 
336 |a text  |b txt  |2 rdacontent 
337 |a unmediated  |b n  |2 rdamedia 
338 |a volume  |b nc  |2 rdacarrier 
490 1 |a Studies in literary analysis 
500 |a English and Spanish. 
500 |a "Oral versions of the papers contained in this volume were presented at: Contemporary Methods of Literary Analysis: Third Colloquium on Hispanic, French, and Italian Literature, held on April 29, 1977 at York College of CUNY, and Contemporary Methods of Literary Analysis: Fourth Colloquium on English, French, Italian, and Spanish Literature, held on April 28, 1978 at the Graduate Center of CUNY."--Title page verso. 
504 |a Includes bibliographical references. 
650 0 |a Criticism  |x Congresses. 
700 1 |a Pople, Randolph D. 
710 2 |a York College (New York, N.Y.) 
711 2 |a Contemporary Methods of Literary Analysis: Colloquium on Hispanic, French, and Italian Literature  |n (3rd :  |d (1977 :  |c York College of City University of New York) 
711 2 |a Contemporary Methods of Literary Analysis: Colloquium on English, French, Italian, and Spanish Literature  |n (4th :  |d (1978 :  |c Graduate Center of City University of New York) 
830 0 |a Studies in literary analysis. 
999 |a MARS 
999 f f |s 517bf1d8-7048-33c6-ad18-66c7b225be12  |i 8ab8a727-2e0a-3a5a-a00c-cefe6707a05b  |t 0 
952 f f |p ric  |a Texas A&M University  |b Rellis Campus  |c Joint Library Facility  |d Remote Storage  |t 0  |e PN80.5 .A5  |h Library of Congress classification  |i unmediated -- volume  |m A14806176937 
998 f f |a PN80.5 .A5  |t 0  |l Remote Storage